[Event "Crawley e2e4 Gatwick Challenger op 10"]
[Site "Crawley"]
[Date "2016.10.30"]
[Round "9"]
[White "Dixit, Kumar"]
[Black "Topal, Mahir Onat"]
[Result "0-1"]
[WhiteElo "2012"]
[BlackElo "1906"]
[PlyCount "38"]
[EventDate "2016.10.26"]
[EventType "swiss"]
[EventRounds "9"]
[EventCountry "ENG"]
[SourceTitle "EXT 2019"]
[Source "ChessBase"]
[SourceDate "2018.10.10"]
[SourceVersion "1"]
[SourceVersionDate "2018.10.10"]
[SourceQuality "1"]

1. d4 Nf6 2. c4 c5 3. d5 b5 4. cxb5 a6 5. bxa6 g6 6. Nc3 Bxa6 7. Nf3 d6 8. g3 Bg7 9. Bg2 Qa5 10. 0-0 Nbd7 11. Re1 0-0 12. e4 Ng4 13. Qc2 Nge5 14. Nxe5 Nxe5 15. Rd1 Nc4 16. Bd2 Rfb8 17. Na4 Nxd2 18. Rxd2 Rb4 19. Nc3 Rxb2 0-1

[Event "BCF-chT2c 1314 (4NCL)"]
[Site "England"]
[Date "2014.03.23"]
[Round "8.16"]
[White "Dixit, Kumar"]
[Black "Stepanyan, Henrik"]
[Result "1-0"]
[WhiteElo "2003"]
[BlackElo "2022"]
[PlyCount "51"]
[EventDate "2013.11.16"]
[EventType "team-tourn"]
[EventRounds "11"]
[EventCountry "ENG"]
[SourceTitle "EXT 2015"]
[Source "ChessBase"]
[SourceDate "2014.11.20"]
[SourceVersion "1"]
[SourceVersionDate "2014.11.20"]
[SourceQuality "1"]
[WhiteTeam "BCM Dragons"]
[BlackTeam "Warwicks Select"]
[WhiteTeamCountry "ENG"]
[BlackTeamCountry "ENG"]

1. d4 Nf6 2. c4 e5 3. dxe5 Ng4 4. Bf4 Nc6 5. Nf3 Bb4+ 6. Nbd2 Qe7 7. e3 Ngxe5 8. Nxe5 Nxe5 9. Be2 0-0 10. 0-0 Bxd2 11. Qxd2 d6 12. Rfd1 b6 13. Qd4 Re8 14. b4 Bb7 15. c5 dxc5 16. bxc5 Ng6 17. Bg3 Nf8 18. Bc4 bxc5 19. Qf4 Rec8 20. Rab1 Bc6 21. Bh4 Qe8 22. Qf5 Ne6 23. Rbc1 g6 24. Qf6 Rab8 25. Bg3 Kf8 26. Be5 1-0

[Event "BCF-chT2b 1314 (4NCL)"]
[Site "England"]
[Date "2014.03.22"]
[Round "7.68"]
[White "Bak, Andrew"]
[Black "Dixit, Kumar"]
[Result "1/2-1/2"]
[WhiteElo "2048"]
[BlackElo "2003"]
[PlyCount "86"]
[EventDate "2013.11.16"]
[EventType "team-swiss"]
[EventRounds "11"]
[EventCountry "ENG"]
[SourceTitle "EXT 2015"]
[Source "ChessBase"]
[SourceDate "2014.11.20"]
[SourceVersion "1"]
[SourceVersionDate "2014.11.20"]
[SourceQuality "1"]
[WhiteTeam "Bradford DCA Knights"]
[BlackTeam "BCM Dragons"]
[WhiteTeamCountry "ENG"]
[BlackTeamCountry "ENG"]

1. e4 c5 2. Nf3 e6 3. d4 cxd4 4. Nxd4 Nf6 5. Nc3 d6 6. g4 h6 7. h4 Nc6 8. Rg1 h5 9. gxh5 Nxh5 10. Bg5 Nf6 11. Qd2 a6 12. 0-0-0 Bd7 13. f4 Qb6 14. Nf3 Nh7 15. f5 Nxg5 16. Qxg5 Qd8 17. fxe6 Qxg5+ 18. hxg5 Bxe6 19. Nd5 0-0-0 20. Bg2 g6 21. Rh1 Bg7 22. c3 Rxh1 23. Rxh1 Rh8 24. Rxh8+ Bxh8 25. Kc2 Ne5 26. Nd2 Ng4 27. Kd3 Kd8 28. Nc4 Ne5+ 29. Nxe5 Bxe5 30. Ke3 Kd7 31. Bf1 Kc6 32. Bc4 Kc5 33. Bb3 a5 34. a4 f6 35. gxf6 Bxf6 36. Bd1 Be5 37. b4+ axb4 38. cxb4+ Kc4 39. Be2+ Kb3 40. Bd1+ Kc4 41. Be2+ Kb3 42. Bd1+ Kb2 43. b5 Bxd5 1/2-1/2

[Event "Wch U16"]
[Site "Al Ain"]
[Date "2013.12.21"]
[Round "4"]
[White "Dixit, Kumar"]
[Black "Bayramov, Elkhan Khayyat"]
[Result "1/2-1/2"]
[WhiteElo "1951"]
[BlackElo "2173"]
[PlyCount "80"]
[EventDate "2013.12.18"]
[EventType "swiss"]
[EventRounds "11"]
[EventCountry "UAE"]
[SourceTitle "CBM 158 Extra"]
[Source "ChessBase"]
[SourceDate "2014.02.28"]
[SourceVersion "1"]
[SourceVersionDate "2014.02.28"]
[SourceQuality "1"]

1. d4 c5 2. d5 e5 3. c4 d6 4. Nc3 f5 5. e4 Nf6 6. exf5 Bxf5 7. Bd3 Qd7 8. Bxf5 Qxf5 9. Nge2 Qg4 10. Qb3 b6 11. Nb5 Qd7 12. a4 a5 13. 0-0 Be7 14. f4 0-0 15. fxe5 dxe5 16. Qg3 Na6 17. Qxe5 Rae8 18. Nf4 Rf7 19. Ne6 Bd8 20. Bd2 Bc7 21. Nbxc7 Nxc7 22. Rae1 Qxa4 23. Bg5 Qxc4 24. Bxf6 Nxe6 25. dxe6 Rxf6 26. Rxf6 gxf6 27. Qc7 Rf8 28. e7 Re8 29. Rd1 Qe2 30. Qg3+ Kf7 31. Re1 Qxb2 32. Qh3 Qd4+ 33. Kh1 Kg7 34. Qe6 a4 35. h3 a3 36. Qc6 Qf2 37. Qxe8 Qxe1+ 38. Kh2 Qe5+ 39. Kh1 Qa1+ 40. Kh2 Qe5+ 1/2-1/2

[Event "Gatwick e2e4 Challengers op"]
[Site "Gatwick"]
[Date "2013.10.30"]
[Round "7"]
[White "Korhonen, Erkki"]
[Black "Dixit, Kumar"]
[Result "0-1"]
[WhiteElo "1868"]
[BlackElo "1933"]
[PlyCount "76"]
[EventDate "2013.10.27"]
[EventType "tourn"]
[EventRounds "7"]
[EventCountry "ENG"]
[SourceTitle "EXT 2015"]
[Source "ChessBase"]
[SourceDate "2014.11.20"]
[SourceVersion "1"]
[SourceVersionDate "2014.11.20"]
[SourceQuality "1"]

1. d4 d5 2. Nf3 Nf6 3. e3 c5 4. b3 cxd4 5. exd4 Nc6 6. Bd3 Bg4 7. h3 Bxf3 8. Qxf3 Nxd4 9. Qe3 Nc6 10. Bb2 e6 11. Nd2 Be7 12. 0-0 0-0 13. a3 Re8 14. Rad1 Qb6 15. Qg3 Rac8 16. Kh1 Qc7 17. f4 g6 18. Rde1 Nh5 19. Qe3 Bh4 20. g4 d4 21. Bxd4 Ng3+ 22. Kg1 Nxd4 23. Qxd4 Nxf1 24. Rxf1 Red8 25. Qb2 Qc5+ 26. Kg2 Qd5+ 27. Nf3 Be7 28. f5 exf5 29. gxf5 Qc6 30. Kf2 Bf6 31. Qc1 Rxd3 32. Qf4 Rxf3+ 33. Qxf3 Qxf3+ 34. Kxf3 Rxc2 35. Ke4 Kg7 36. Rf3 Rc3 37. fxg6 Rxf3 38. gxf7 Rxb3 0-1

[Event "Crawley e2e4 Gatwick op"]
[Site "Crawley"]
[Date "2013.10.27"]
[Round "2"]
[White "De Seroux, Camille"]
[Black "Dixit, Kumar"]
[Result "0-1"]
[WhiteElo "2061"]
[BlackElo "1933"]
[PlyCount "146"]
[EventDate "2013.10.26"]
[EventType "swiss"]
[EventRounds "9"]
[EventCountry "ENG"]
[SourceTitle "EXT 2014"]
[Source "ChessBase"]
[SourceDate "2013.11.20"]
[SourceVersion "1"]
[SourceVersionDate "2013.11.20"]
[SourceQuality "1"]

1. e4 c6 2. d4 d5 3. Nc3 dxe4 4. Nxe4 Bf5 5. Ng3 Bg6 6. Nh3 e6 7. Nf4 Bd6 8. Nfh5 Kf8 9. c3 Nd7 10. Bc4 Ngf6 11. 0-0 Nxh5 12. Nxh5 Bxh2+ 13. Kxh2 Qh4+ 14. Kg1 Qxh5 15. Qb3 Nb6 16. Qb4+ Kg8 17. Bb3 h6 18. Qe7 Kh7 19. Qxb7 c5 20. dxc5 Qxc5 21. Be3 Qa5 22. Rfe1 Rab8 23. Qf3 Rhc8 24. Qg3 Nd7 25. Bd4 Rb5 26. f4 Nf6 27. Rad1 Qc7 28. c4 Rf5 29. Be3 Nh5 30. Qh2 Nxf4 31. Bc2 Rf6 32. g3 Bxc2 33. Qxc2+ Ng6 34. Qg2 Ne5 35. Kh1 Nf3 36. Rf1 Qe5 37. Bg1 Qh5+ 38. Bh2 Nxh2 39. Qxh2 Qxh2+ 40. Kxh2 Rxc4 41. Rxf6 gxf6 42. Rd7 Kg6 43. Rxa7 Rc2+ 44. Kh3 Rxb2 45. a4 Ra2 46. Ra8 f5 47. a5 Kf6 48. a6 Ra4 49. a7 Ke7 50. Kg2 Ra3 51. Kf2 e5 52. Ke2 Kf6 53. Kf2 h5 54. Kg2 Ke7 55. Kf2 e4 56. Ke2 h4 57. gxh4 f4 58. Rg8 Ra2+ 59. Ke1 Rxa7 60. Rg4 Ke6 61. Rxf4 f5 62. h5 Ra1+ 63. Ke2 Rh1 64. Ke3 Rxh5 65. Rf1 Ke5 66. Rg1 f4+ 67. Ke2 Rh2+ 68. Ke1 e3 69. Rg8 Ke4 70. Kf1 Kf3 71. Kg1 Rd2 72. Rh8 Rd1+ 73. Kh2 e2 0-1

[Event "Bedford e2e4 op"]
[Site "Bedford"]
[Date "2013.09.22"]
[Round "5"]
[White "Jaszkiwskyj, Peter"]
[Black "Dixit, Kumar"]
[Result "0-1"]
[WhiteElo "1979"]
[BlackElo "1931"]
[PlyCount "90"]
[EventDate "2013.09.20"]
[EventType "swiss"]
[EventRounds "5"]
[EventCountry "ENG"]
[SourceTitle "CBM 156 Extra"]
[Source "ChessBase"]
[SourceDate "2013.10.22"]
[SourceVersion "1"]
[SourceVersionDate "2013.10.22"]
[SourceQuality "1"]

1. d4 d5 2. Nf3 Nf6 3. Bf4 c5 4. c3 Nc6 5. e3 Qb6 6. Qb3 c4 7. Qc2 Bf5 8. Qc1 e6 9. h3 h6 10. Nbd2 Be7 11. Be2 0-0 12. 0-0 a5 13. Bd1 Qa6 14. Bc2 Bxc2 15. Qxc2 b5 16. a3 Qb7 17. e4 b4 18. Rfe1 bxc3 19. bxc3 a4 20. exd5 exd5 21. Reb1 Qc8 22. Ra2 Na5 23. Re1 Qb7 24. Qf5 Nb3 25. g4 Rfe8 26. g5 hxg5 27. Bxg5 Qc8 28. Re5 Qxf5 29. Rxf5 Rad8 30. Ne5 Nxd2 31. Bxd2 Bd6 32. Nc6 Ra8 33. Kf1 Ra6 34. Nb4 Bxb4 35. axb4 g6 36. Rg5 a3 37. f3 Kf8 38. Bc1 Kg7 39. Kf2 Rae6 40. Rxa3 Re2+ 41. Kg3 Rc2 42. Bf4 Nh5+ 43. Kg4 Rg2+ 44. Kh4 Nxf4 45. Ra5 Rh8+ 0-1

[Event "BCF-chT3S 1213 (4NCL)"]
[Site "England"]
[Date "2012.11.04"]
[Round "2.109"]
[White "Dixit, Kumar"]
[Black "Shepley, Julien M"]
[Result "1/2-1/2"]
[WhiteElo "1885"]
[BlackElo "2020"]
[PlyCount "111"]
[EventDate "2012.11.03"]
[EventType "team-swiss"]
[EventRounds "6"]
[EventCountry "ENG"]
[SourceTitle "EXT 2014"]
[Source "ChessBase"]
[SourceDate "2013.11.20"]
[SourceVersion "1"]
[SourceVersionDate "2013.11.20"]
[SourceQuality "1"]
[WhiteTeam "BCM Hippos III"]
[BlackTeam "Guildford III"]
[WhiteTeamCountry "ENG"]
[BlackTeamCountry "ENG"]

1. d4 Nf6 2. Nf3 d5 3. c4 e6 4. Bg5 h6 5. Bh4 Be7 6. Nc3 0-0 7. e3 Nbd7 8. Bd3 b6 9. 0-0 dxc4 10. Bxc4 Bb7 11. Qe2 c5 12. Rfd1 cxd4 13. Rxd4 Qc8 14. Rad1 Bc5 15. R4d2 a6 16. e4 Bc6 17. h3 Ra7 18. e5 Nh5 19. Nd4 Nf4 20. Qg4 Bxd4 21. Rxd4 Ng6 22. f4 Nxh4 23. Qxh4 Ba8 24. Bxa6 Qxa6 25. Rxd7 Rxd7 26. Rxd7 Qc4 27. Qf2 b5 28. Rd4 Qc5 29. Rd6 Qc4 30. Qd4 Kh7 31. Qxc4 bxc4 32. Rd4 Rb8 33. Nd1 Bd5 34. g4 Bf3 35. Nc3 Rxb2 36. Rxc4 Rg2+ 37. Kf1 Rh2 38. Rc7 Rxh3 39. Rxf7 Bxg4 40. Rc7 Rf3+ 41. Kg2 Rxf4 42. Kg3 Rd4 43. Nb5 Rb4 44. Nd6 Bd1 45. Re7 h5 46. Rxe6 h4+ 47. Kf2 Rb2+ 48. Kf1 h3 49. Ne4 Be2+ 50. Ke1 g6 51. Ng5+ Kh6 52. Nxh3 Bg4 53. Re8 Bxh3 54. Rh8+ Kg7 55. Rxh3 Rxa2 56. Re3 1/2-1/2

[Event "London e2e4 Diamond Jubilee op"]
[Site "London"]
[Date "2012.06.04"]
[Round "4"]
[White "Waterfield, John"]
[Black "Dixit, Kumar"]
[Result "0-1"]
[WhiteElo "2009"]
[BlackElo "1858"]
[PlyCount "69"]
[EventDate "2012.06.02"]
[EventType "swiss"]
[EventRounds "9"]
[EventCountry "ENG"]
[SourceTitle "CBM 148 Extra"]
[Source "ChessBase"]
[SourceDate "2012.06.22"]
[SourceVersion "1"]
[SourceVersionDate "2012.06.22"]
[SourceQuality "1"]

1. e4 c6 2. d4 d5 3. exd5 cxd5 4. c4 Nf6 5. Nc3 Nc6 6. Nf3 Bg4 7. cxd5 Nxd5 8. Qb3 Bxf3 9. gxf3 e6 10. Qxb7 Nxd4 11. Bb5+ Nxb5 12. Qc6+ Ke7 13. Qxb5 Qd7 14. Nxd5+ Qxd5 15. Bg5+ f6 16. Qxd5 exd5 17. Be3 Ke6 18. 0-0-0 Rc8+ 19. Kb1 Bc5 20. Rhe1 Bxe3 21. Rxe3+ Kd6 22. Rde1 Rc4 23. Re6+ Kc5 24. Rc1 Rc8 25. Rxc4+ Kxc4 26. Re7 a5 27. Rxg7 Kd3 28. a3 d4 29. Rd7 a4 30. b4 axb3 31. Kb2 Rc2+ 32. Kxb3 Rxf2 33. a4 Rxf3 34. Kb4 Rf1 35. Kc5 0-1

[Event "BCF-chT3 1112 (4NCL)"]
[Site "England"]
[Date "2012.05.06"]
[Round "10.100"]
[White "Dixit, Kumar"]
[Black "Edwards, Simon R"]
[Result "0-1"]
[WhiteElo "1862"]
[BlackElo "1945"]
[PlyCount "74"]
[EventDate "2011.11.12"]
[EventType "team-swiss"]
[EventRounds "11"]
[EventCountry "ENG"]
[SourceTitle "EXT 2013"]
[Source "ChessBase"]
[SourceDate "2012.11.22"]
[SourceVersion "1"]
[SourceVersionDate "2012.11.22"]
[SourceQuality "1"]
[WhiteTeam "AMCA Hippos"]
[BlackTeam "Cheddleton II"]
[WhiteTeamCountry "ENG"]
[BlackTeamCountry "ENG"]

1. d4 Nf6 2. c4 c5 3. d5 e5 4. Nc3 d6 5. e4 Be7 6. h3 h6 7. Nf3 0-0 8. g3 a6 9. a4 b6 10. Bg2 Nh7 11. Nd2 f5 12. exf5 Bxf5 13. Be4 Ng5 14. Bxf5 Rxf5 15. Qg4 Qf8 16. h4 h5 17. Qe2 Nf3+ 18. Nxf3 Rxf3 19. 0-0 Qf5 20. Be3 Nd7 21. Kg2 Rf8 22. Bf4 Rd3 23. Be3 e4 24. Bf4 Rf3 25. Qxe4 Rxf4 26. Qxf4 Qxf4 27. gxf4 Rxf4 28. b3 Bf6 29. Rfc1 Rg4+ 30. Kf1 Rxh4 31. Ke2 Rh3 32. f3 Rh2+ 33. Kd1 Bxc3 34. Rab1 Bb4 35. Ra1 Rg2 36. f4 h4 37. a5 h3 0-1

[Event "High Wycombe e2e4 op 03"]
[Site "High Wycombe"]
[Date "2012.03.17"]
[Round "3"]
[White "Dixit, Kumar"]
[Black "Lane, Peter Christopher"]
[Result "1/2-1/2"]
[WhiteElo "1846"]
[BlackElo "2050"]
[PlyCount "61"]
[EventDate "2012.03.16"]
[EventType "swiss"]
[EventRounds "5"]
[EventCountry "ENG"]
[SourceTitle "CBM 147 Extra"]
[Source "ChessBase"]
[SourceDate "2012.04.24"]
[SourceVersion "1"]
[SourceVersionDate "2012.04.24"]
[SourceQuality "1"]

1. d4 Nf6 2. Nf3 g6 3. c4 Bg7 4. Nc3 d6 5. e4 0-0 6. Be2 e5 7. d5 Nbd7 8. Bg5 h6 9. Bh4 g5 10. Bg3 Nxe4 11. Nxe4 f5 12. Nfd2 fxe4 13. Nxe4 Nf6 14. Bd3 Nxe4 15. Bxe4 Qf6 16. f3 Bf5 17. 0-0 Qg6 18. Qe2 h5 19. Bxf5 Rxf5 20. Qe4 Raf8 21. Rae1 g4 22. Qb1 R8f6 23. fxg4 hxg4 24. Rxf5 Qxf5 25. Qxf5 Rxf5 26. Rf1 Rxf1+ 27. Kxf1 Kf7 28. Ke2 Kg6 29. Kd3 Kf5 30. b3 Bf6 31. b4 1/2-1/2

[Event "High Wycombe e2e4 op 10"]
[Site "High Wycombe"]
[Date "2011.10.09"]
[Round "4"]
[White "Dixit, Kumar"]
[Black "Harvey, Marcus Ross"]
[Result "0-1"]
[WhiteElo "1810"]
[BlackElo "2125"]
[PlyCount "46"]
[EventDate "2011.10.07"]
[EventType "swiss"]
[EventRounds "5"]
[EventCountry "ENG"]
[SourceTitle "CBM 144 Extra"]
[Source "ChessBase"]
[SourceDate "2011.10.28"]
[SourceVersion "1"]
[SourceVersionDate "2011.10.28"]
[SourceQuality "1"]

1. d4 e6 2. Nf3 f5 3. c4 Nf6 4. g3 Be7 5. Bg2 0-0 6. 0-0 d6 7. Nc3 a5 8. Qc2 Nc6 9. Re1 e5 10. dxe5 dxe5 11. Rd1 Bd7 12. e4 Qc8 13. Be3 Ng4 14. Nd5 fxe4 15. Nd2 Nxe3 16. Nxe3 Nd4 17. Qxe4 Bc6 18. Qxe5 Bf6 19. Qh5 g6 20. Bd5+ Kg7 21. Qg4 Bd7 22. Bxb7 Bxg4 23. Bxc8 Bxd1 0-1

[Event "Sunningdale e2e4 Major H"]
[Site "Sunningdale"]
[Date "2011.08.11"]
[Round "2"]
[White "Wood Robinson, Max"]
[Black "Dixit, Kumar"]
[Result "0-1"]
[WhiteElo "1747"]
[BlackElo "1797"]
[PlyCount "110"]
[EventDate "2011.08.10"]
[EventType "tourn"]
[EventRounds "9"]
[EventCountry "ENG"]
[SourceTitle "EXT 2023"]
[Source "ChessBase"]
[SourceDate "2022.10.05"]
[SourceVersion "1"]
[SourceVersionDate "2022.10.05"]
[SourceQuality "1"]

1. e4 c6 2. d4 d5 3. e5 c5 4. c3 Nc6 5. Nf3 Bg4 6. Be3 e6 7. Nbd2 cxd4 8. cxd4 Qb6 9. Nb3 Bb4+ 10. Bd2 Bxd2+ 11. Qxd2 Bxf3 12. gxf3 Nge7 13. Bh3 Qb4 14. Rc1 Qxd2+ 15. Kxd2 0-0 16. Rhg1 Rfc8 17. Ke3 a5 18. Nc5 a4 19. Nxe6 fxe6 20. Bxe6+ Kf8 21. Bxc8 Rxc8 22. Rg5 g6 23. Rg4 Nf5+ 24. Kd2 Ke7 25. a3 Ke6 26. Rc5 Rf8 27. Kc3 Nfxd4 28. Rxd4 Nxd4 29. Kxd4 Rxf3 30. Rxd5 Rxf2 31. Rd6+ Ke7 32. Rb6 Rxh2 33. Rxb7+ Ke6 34. Rb6+ Kf5 35. e6 Re2 36. Kd5 Re5+ 37. Kc4 Rxe6 38. Rb5+ Re5 39. Rb8 h5 40. Rf8+ Kg4 41. Kb4 Re4+ 42. Ka5 h4 43. Rf1 g5 44. Rg1+ Kf4 45. Rf1+ Ke5 46. Rf8 g4 47. Re8+ Kf4 48. Rxe4+ Kxe4 49. Kxa4 g3 50. b4 g2 51. b5 g1Q 52. Ka5 Qa7+ 53. Kb4 h3 54. a4 h2 55. a5 h1Q 0-1